000 00713nab a22002297a 4500
001 19595
003 HDC
007 cr bn ---aaaaa
008 210128c20090621my ||||o |||| 00| 00eng d
040 _aHDC
245 0 _aMalaysia's halal logistics sector on the uptrend
336 _atext
_2rdacontent
337 _acomputer
_2rdamedia
338 _aonline resource
_2rdacarrier
650 _aIslamic law
_9590
650 _aRestaurant
_99782
710 _aDagangHalal.com
856 _zRequest full-text at [email protected]
942 _2lcc
942 _cNEWS
942 _kNWSO 007739
999 _c16911
_d16911